Tell el-Dabʻa III : die Tierknochenfunde 1966-1969 /

Saved in:

Main Author: Boessneck, Joachim (Author)

Corporate Authors: Österreichische Akademie der Wissenschaften., Österreichisches Archäologisches Institut (Vienna, Austria). Zweigstelle Kairo.

Format: Book

Language: German

Published: Wien : Verlag der Österreichischen Akademie der Wissenschaften, 1976.

Series: Untersuchungen der Zweigstelle Kairo des Österreichischen Archäologischen Institutes ; 3.
Denkschriften der Gesamtakademie ; 5.

Subjects:

Tags: Add Tag

No Tags, Be the first to tag this record!

Call Number: DT57 .O69 v.3

LEADER 01429namaa2200361 4500
001 5156
003 OSt
005 20260427124802.0
008 130303s1976 au f b 000 0 ger d
020 |a 3700101880 
020 |a 9783700101888 
035 |a ocm32046246 
040 |c ARCE Library 
043 |a f-ua--- 
050 4 |a DT57 .O69 v.3 
100 1 |a Boessneck, Joachim,  |e author  |9 26961 
245 1 0 |a Tell el-Dabʻa III :   |b die Tierknochenfunde 1966-1969 /   |c Joachim Boessneck. 
246 3 0 |a Tierknochenfunde 1966-1969. 
264 1 |a Wien :  |b Verlag der Österreichischen Akademie der Wissenschaften,  |c 1976. 
300 |a 42 pages :   |b 8 pages of plates ;   |c 31 cm. 
490 1 |a Untersuchungen der Zweigstelle Kairo des Österreichischen Archäologischen Institutes ;  |v 3. 
490 1 |a Denkschriften der Gesamtakademie ;  |v 5. 
504 |a Includes bibliographical references (pages 39-40) 
650 0 |a Animal remains (Archaeology)  |z Egypt  |z Ḍabʻah, Tall al- 
651 0 |a Ḍabʻah, Tall al- (Egypt) 
651 0 |a Egypt  |x Antiquities. 
710 2 |a Österreichische Akademie der Wissenschaften. 
710 2 |a Österreichisches Archäologisches Institut (Vienna, Austria).  |b Zweigstelle Kairo. 
830 0 |a Untersuchungen der Zweigstelle Kairo des Österreichischen Archäologischen Institutes ;  |v 3. 
830 0 |a Denkschriften der Gesamtakademie ;  |v 5. 
901 |a reviewed 
942 |c BK  |2 lcc 
999 |c 5101  |d 5101